000 00810cam a22002534a 4500
001 13832385
005 20250310114528.0
008 050106s2006 nju b 001 0 eng
020 _a0131484524
050 0 0 _aHD58.7
_b.H684 2006
082 0 0 _a158.7
_222
100 1 _aHowell, Jon P.
245 1 0 _aUnderstanding behaviors for effective leadership /
_cJon P. Howell, Dan L. Costley.
250 _a2nd ed.
260 _aUpper Saddle River, N.J. :
_bPearson Prentice Hall,
_cc2006.
300 _axvi, 416 p. ;
_c24 cm.
650 0 _aOrganizational behavior.
650 0 _aPsychology, Industrial.
650 0 _aSupervision of employees.
650 0 _aLeadership.
700 1 _aCostley, Dan L.
856 4 1 _3Table of contents
_uhttp://www.loc.gov/catdir/toc/ecip055/2004031091.html
942 _2lcc
_cBK
_n0
999 _c4638
_d4638